000 00339 a2200157 4500
001 57142
020 _a9788516060404
040 _cAnchieta - Pituba
100 _aBernardi, Tati
240 1 0 _aA menina da árvore
_lpor
245 1 0 _aA menina da árvore
300 _a88
362 0 _a2008
650 4 _aLiteratura juvenil
942 _cBK
999 _c57142
_d57142